IFM Opac

Managing Like a Man:Women and Men in Corporate Management (Record no. 18961)

MARC details
000 -LEADER
fixed length control field 00497nam a22001817a 4500
003 - CONTROL NUMBER IDENTIFIER
control field OSt
005 - DATE AND TIME OF LATEST TRANSACTION
control field 20220902091121.0
008 - FIXED-LENGTH DATA ELEMENTS--GENERAL INFORMATION
fixed length control field 220902b |||||||| |||| 00| 0 eng d
020 ## - INTERNATIONAL STANDARD BOOK NUMBER
International Standard Book Number 0745617603
040 ## - CATALOGING SOURCE
Transcribing agency IFM Library
082 ## - DEWEY DECIMAL CLASSIFICATION NUMBER
Classification number 658
100 ## - MAIN ENTRY--PERSONAL NAME
Personal name Judy, W
9 (RLIN) 6464
245 ## - TITLE STATEMENT
Title Managing Like a Man:Women and Men in Corporate Management
260 ## - PUBLICATION, DISTRIBUTION, ETC.
Place of publication, distribution, etc. UK:
Name of publisher, distributor, etc. Blackwell Publishers,
Date of publication, distribution, etc. 1988
300 ## - PHYSICAL DESCRIPTION
Extent vii, 180p.; ill.: 22cm.
500 ## - GENERAL NOTE
General note Includes Bibliography and Index
942 ## - ADDED ENTRY ELEMENTS (KOHA)
Koha item type Books
Source of classification or shelving scheme Dewey Decimal Classification
Suppress in OPAC No
Holdings
Withdrawn status Lost status Source of classification or shelving scheme Damaged status Not for loan Collection code Home library Current library Shelving location Date acquired Full call number Barcode Date last seen Price effective from Koha item type
    Dewey Decimal Classification     Non-fiction IFM Main Campus Library IFM Main Campus Library Special Reserve Collection 09/02/2022 658 WAJ 0000003500 08/23/2017 02/19/2022 Books